000 nam a22 7a 4500
999 _c7176
_d7176
008 170726b xxu||||| |||| 00| 0 eng d
100 _93752
_aArora Sumita
245 _aFoundation of Information technology
260 _aNew Delhi
_bEducational and Technical Publishers
_c2013